The Western canon : (Record no. 947)

000 -LEADER
fixed length control field 01028cam a2200313 a 4500
001 - CONTROL NUMBER
control field 4890068
003 - CONTROL NUMBER IDENTIFIER
control field OSt
005 - DATE AND TIME OF LATEST TRANSACTION
control field 20210426110815.0
008 - FIXED-LENGTH DATA ELEMENTS--GENERAL INFORMATION
fixed length control field 931104s1994 nyu b 001 0 eng
010 ## - LIBRARY OF CONGRESS CONTROL NUMBER
LC control number 93043542
020 ## - INTERNATIONAL STANDARD BOOK NUMBER
International Standard Book Number 0151957479 :
Terms of availability $29.95 ($39.95 Can.)
040 ## - CATALOGING SOURCE
Original cataloging agency DLC
Transcribing agency DLC
Modifying agency DLC
050 00 - LIBRARY OF CONGRESS CALL NUMBER
Classification number PN81
Item number .B545 1993
080 ## - UNIVERSAL DECIMAL CLASSIFICATION NUMBER
Universal Decimal Classification number 821.111
Item number B-67
082 00 - DEWEY DECIMAL CLASSIFICATION NUMBER
Classification number 809
Edition number 20
100 1# - MAIN ENTRY--PERSONAL NAME
Personal name Bloom, Harold.
245 14 - TITLE STATEMENT
Title The Western canon :
Remainder of title the books and school of the ages /
Statement of responsibility, etc. Harold Bloom.
250 ## - EDITION STATEMENT
Edition statement 1st ed.
260 ## - PUBLICATION, DISTRIBUTION, ETC.
Place of publication, distribution, etc. New York :
Name of publisher, distributor, etc. Harcourt Brace,
Date of publication, distribution, etc. c1994.
300 ## - PHYSICAL DESCRIPTION
Extent viii, 578 p. ;
Dimensions 25 cm.
500 ## - GENERAL NOTE
General note Includes index.
650 #0 - SUBJECT ADDED ENTRY--TOPICAL TERM
Topical term or geographic name entry element Canon (Literature)
650 #0 - SUBJECT ADDED ENTRY--TOPICAL TERM
Topical term or geographic name entry element Literature
General subdivision History and criticism.
653 ## - INDEX TERM--UNCONTROLLED
Uncontrolled term ინგლისური ლიტერატურა
906 ## - LOCAL DATA ELEMENT F, LDF (RLIN)
a 7
b cbc
c orignew
d 1
e ocip
f 19
g y-gencatlg
942 ## - ADDED ENTRY ELEMENTS (KOHA)
Source of classification or shelving scheme
Koha item type Books
Holdings
Withdrawn status Lost status Source of classification or shelving scheme Damaged status Not for loan Permanent location Current location Date acquired Inventory number Total Checkouts Full call number Barcode Date last seen Price effective from Koha item type
          Ken Walker International University Ken Walker International University 01/27/2021 2435   821.111 2435 01/27/2021 01/27/2021 Books

Powered by Koha